00267nam a2200109 a 4500008004100000050001500041100001700056245005100073260000900124350000900133650001500142120416s1976 xx |||||||||||||| || u aBF 121 Sen aSenter, R. J10aPsychology: the exploration of human behaviour c1976 a0.00 3aPSYCHOLOGY